000 00581cam a2200229 4500
008 090401t1992 xxu||||| |||| 00| 0 eng d
020 _a1851901493
035 _a(Sirsi) u66165
041 _aeng
050 _a336.21
100 _aMcCluskey, W.J.
245 4 _aThe uniform business rate: a practical guide.
260 _aLondon
_bFourmat Publishing
_c1992
300 _ax,170p. ; 24cm.
350 _a14.95
650 _aBUSINESS RATES
650 _aNON-DOMESTIC RATES
690 _aRATING AND VALUATION
700 _aMoss, P.J.
942 _n0
948 _c04/03/1997
999 _c94825
_d94825